000 01012nam a2200325 a 4500
001 26265
003 CO-ViMGA
005 20230915232153.0
006 Mimo0002007575
008 141112s2004 ck r 000 u spa d
016 _abimoBNE20050130622 SpMaBN
017 _aB 20687 - 2004 Oficina Depósito Legal Barcelona
020 _a8426133908
035 _a(OCoLC)433816036
040 _aCO-ViMGA
_bspa
_cCO-ViMGA
080 _a028.5
082 0 4 _a028.55 R29v
100 1 _aReyes, Lourdes 1961 -
_941005
245 1 0 _aVivir la lectura en casa /
_cLourdes Reyes Camps
250 _a1¬ ed.
260 _aBarcelona Juventud 2004
300 _a344 p. il. 22 cm
490 _aMateria gris
504 _aBibliografía : p. 343 - 344
650 1 4 _aLectura - Participación de los padres
_941006
926 _aBNMADRID SDB SDB 028.5 REY SDB_PRESTA 1
942 _2ddc
_cBK
956 _a1 2
980 _a017. B 20687 - 2004 020. 84 - 261 - 3390 - 8 852. 40 M - BN MO04598380 AH AHMo/112340
999 _c33447
_d33447